[Event "GRE-chT Online Rapid op 1st"]
[Site "Tornelo INT"]
[Date "2021.02.21"]
[Round "9.6"]
[White "Georgilakis, Konstantinos"]
[Black "Hatzis Bakratsas, Alexandros"]
[Result "1-0"]
[WhiteElo "2161"]
[BlackElo "1950"]
[PlyCount "107"]
[EventDate "2021.02.20"]
[EventType "team-swiss (rapid)"]
[EventRounds "9"]
[EventCountry "GRE"]
[SourceTitle "EXT 2023"]
[Source "ChessBase"]
[SourceDate "2022.10.05"]
[SourceVersion "1"]
[SourceVersionDate "2022.10.05"]
[SourceQuality "1"]

1. e4 c5 2. c3 g6 3. d4 cxd4 4. cxd4 d5 5. e5 Nc6 6. Nc3 Bg7 7. Bb5 Nh6 8. h3 0-0 9. Nf3 f6 10. 0-0 a6 11. Bxc6 bxc6 12. exf6 exf6 13. Bf4 g5 14. Bh2 Bf5 15. Qd2 Qd7 16. Na4 Rae8 17. Nc5 Qc8 18. Bd6 Rf7 19. Rfe1 Be4 20. Nxe4 dxe4 21. Nh2 Bf8 22. Bxf8 Rfxf8 23. Rac1 Qd7 24. Qb4 Re6 25. Qc4 Rd8 26. Rxe4 Kf7 27. Rxe6 Qxe6 28. Qxe6+ Kxe6 29. Rxc6+ Rd6 30. Rxd6+ Kxd6 31. Kf1 Kd5 32. Nf3 Nf5 33. Ke2 Ke4 34. Kd2 h5 35. Kc3 g4 36. Nd2+ Kd5 37. hxg4 hxg4 38. Nc4 Nxd4 39. Ne3+ Ke4 40. Nxg4 f5 41. Nf6+ Ke5 42. Nd7+ Kd5 43. Nb6+ Kc5 44. Na4+ Kd5 45. Kd3 Nc6 46. Ke3 Ke5 47. Nc5 f4+ 48. Kd2 a5 49. Nd3+ Ke4 50. f3+ Kf5 51. Kc3 Ne7 52. Kc4 Ng6 53. Kb5 Nh4 54. Ne1 1-0

[Event "GRE-chT Online Rapid op 1st"]
[Site "Tornelo INT"]
[Date "2021.02.21"]
[Round "6.2"]
[White "Georgilakis, Konstantinos"]
[Black "Zenelis, Konstantinos"]
[Result "0-1"]
[WhiteElo "2161"]
[BlackElo "2058"]
[PlyCount "128"]
[EventDate "2021.02.20"]
[EventType "team-swiss (rapid)"]
[EventRounds "9"]
[EventCountry "GRE"]
[SourceTitle "EXT 2023"]
[Source "ChessBase"]
[SourceDate "2022.10.05"]
[SourceVersion "1"]
[SourceVersionDate "2022.10.05"]
[SourceQuality "1"]

1. e4 e6 2. d4 d5 3. Nd2 Nf6 4. e5 Nfd7 5. Bd3 c5 6. c3 Nc6 7. Ne2 cxd4 8. cxd4 f6 9. exf6 Nxf6 10. 0-0 Bd6 11. Nf3 Qc7 12. g3 0-0 13. Bf4 Bxf4 14. Nxf4 Bd7 15. Rc1 a6 16. Re1 Rae8 17. Re2 Qd6 18. a3 Ng4 19. Qd2 e5 20. dxe5 Ngxe5 21. Nxe5 Nxe5 22. Be4 Bc6 23. Rd1 d4 24. Qxd4 Qxd4 25. Rxd4 Nf3+ 26. Bxf3 Bxf3 27. Re3 Bc6 28. Nd5 Rxe3 29. Nxe3 Re8 30. Kf1 g6 31. Ke2 Kg7 32. Kd2 Rf8 33. f4 Re8 34. Ng4 Bb5 35. Ne5 g5 36. a4 gxf4 37. gxf4 Bf1 38. Rd7+ Kf6 39. Rxb7 Kf5 40. Ke3 h5 41. Rf7+ Ke6 42. Rh7 Rb8 43. Kf2 Bh3 44. Kg3 Rb3+ 45. Kh4 Bf5 46. Kg5 Bxh7 47. Kxh5 Rxb2 48. h4 Bf5 49. Nf3 Kd5 50. Kg5 Ke4 51. Ne1 Re2 52. Nd3 Rg2+ 53. Kf6 Kxd3 54. Kxf5 Rh2 55. Kg5 Ke4 56. f5 Ke5 57. h5 Rg2+ 58. Kh6 Kxf5 59. Kh7 Kf6 60. h6 Rg4 61. Kh8 Rxa4 62. h7 Rh4 63. Kg8 Rxh7 64. Kxh7 a5 0-1

[Event "Nikaia Fysiolatriko op 09th"]
[Site "Nikaia"]
[Date "2011.06.19"]
[Round "4"]
[White "Georgilakis, Konstantinos"]
[Black "Vlastos, Alexandros"]
[Result "0-1"]
[WhiteElo "2069"]
[BlackElo "1716"]
[PlyCount "114"]
[EventDate "2011.06.16"]
[EventType "swiss"]
[EventRounds "9"]
[EventCountry "GRE"]
[SourceTitle "CBM 143 Extra"]
[Source "ChessBase"]
[SourceDate "2011.08.29"]
[SourceVersion "1"]
[SourceVersionDate "2011.08.29"]
[SourceQuality "1"]

1. e4 e5 2. Nf3 f5 3. Nxe5 Nf6 4. exf5 Qe7 5. Qe2 d6 6. Nf3 Bxf5 7. d3 Nc6 8. Nc3 0-0-0 9. Qxe7 Bxe7 10. Bd2 Bg4 11. Be2 Bxf3 12. Bxf3 Nd4 13. Bd1 Rde8 14. 0-0 d5 15. Re1 Bd6 16. Ne2 Nf5 17. c3 h6 18. Ba4 c6 19. Ng3 Nxg3 20. hxg3 Ng4 21. Rxe8+ Rxe8 22. Re1 Rf8 23. Re2 g5 24. d4 b5 25. Bc2 c5 26. f3 Nf6 27. Bf5+ Nd7 28. g4 Kc7 29. Re6 Rf6 30. Be3 c4 31. Kf2 Rxe6 32. Bxe6 Nf6 33. g3 a5 34. Bf5 b4 35. f4 b3 36. axb3 cxb3 37. fxg5 hxg5 38. Bxg5 Ne4+ 39. Bxe4 dxe4 40. c4 a4 41. Bc1 Be7 42. Ke2 Bg5 43. Bxg5 a3 44. Bf4+ Kd7 45. bxa3 b2 46. c5 b1Q 47. Be3 Qd3+ 48. Kf2 Qd1 49. Bf4 Qf3+ 50. Ke1 e3 51. Bxe3 Qxe3+ 52. Kf1 Qxg3 53. Ke2 Qxa3 54. g5 Ke6 55. Kd2 Kf5 56. c6 Kxg5 57. c7 Qa5+ 0-1

[Event "Nikaia Fysiolatriko op 08th"]
[Site "Nikaia"]
[Date "2010.06.23"]
[Round "8"]
[White "Georgilakis, Konstantinos"]
[Black "Zygouris, Hristos"]
[Result "1-0"]
[WhiteElo "2059"]
[BlackElo "2243"]
[PlyCount "71"]
[EventDate "2010.06.17"]
[EventType "swiss"]
[EventRounds "9"]
[EventCountry "GRE"]
[SourceTitle "EXT 2011"]
[Source "ChessBase"]
[SourceDate "2010.11.26"]
[SourceVersion "1"]
[SourceVersionDate "2010.11.26"]
[SourceQuality "1"]

1. e4 c5 2. c3 Qa5 3. Nf3 Nc6 4. Na3 e6 5. Nc4 Qc7 6. d4 cxd4 7. Nxd4 a6 8. Be3 d5 9. exd5 exd5 10. Nxc6 dxc4 11. Nd4 b5 12. a4 Rb8 13. axb5 axb5 14. Qf3 Bd7 15. Qe4+ Kd8 16. Ra7 Qb6 17. Qd5 Qd6 18. Qxf7 Nf6 19. g3 Qe7 20. Qxe7+ Bxe7 21. Bh3 Bc5 22. Rxd7+ Nxd7 23. Ne6+ Ke7 24. Nxc5 Ne5 25. Bg2 b4 26. 0-0 bxc3 27. bxc3 Rb2 28. Bf4 Re2 29. Rd1 h6 30. Bf1 Nf3+ 31. Kg2 Re1 32. Rd7+ Ke8 33. Bxc4 Ne5 34. Bxe5 Rxe5 35. Bf7+ Kf8 36. Ne6+ 1-0

[Event "Nikaia op 16th"]
[Site "Nikaia"]
[Date "2008.08.28"]
[Round "4"]
[White "Atanasov, Radislav"]
[Black "Georgilakis, Konstantinos"]
[Result "1-0"]
[WhiteElo "2232"]
[BlackElo "2065"]
[PlyCount "179"]
[EventDate "2008.08.25"]
[EventType "swiss"]
[EventRounds "9"]
[EventCountry "GRE"]
[SourceTitle "CBM 126 Extra"]
[Source "ChessBase"]
[SourceDate "2008.11.05"]
[SourceVersion "1"]
[SourceVersionDate "2008.11.05"]
[SourceQuality "1"]

1. e4 c5 2. c3 Nf6 3. e5 Nd5 4. d4 cxd4 5. Nf3 Nc6 6. cxd4 d6 7. Bc4 Nb6 8. Bb5 dxe5 9. Nxe5 Bd7 10. Nxd7 Qxd7 11. 0-0 e6 12. Qg4 h5 13. Qe2 Be7 14. Nc3 Nd5 15. Be3 g6 16. Ne4 0-0 17. Rad1 a6 18. Ba4 Nb6 19. Bb3 Rfd8 20. Nc5 Qc8 21. Qf3 Nd5 22. Bh6 Nxd4 23. Rxd4 Qxc5 24. Rfd1 Nf6 25. Qxb7 Ng4 26. Be3 Nxe3 27. fxe3 a5 28. Qf3 Rab8 29. Rf1 f5 30. Bxe6+ Kg7 31. Qf2 Qe5 32. Bb3 Bc5 33. Rfd1 Bxd4 34. exd4 Qf6 35. Qf4 Qd6 36. Qd2 Rb4 37. d5 Qc5+ 38. Kh1 a4 39. Rc1 Qd6 40. Qc3+ Kh7 41. Bc4 Rc8 42. b3 axb3 43. axb3 Rb7 44. Rd1 Re7 45. h3 Rb8 46. Ra1 Qb4 47. Qg3 Rd8 48. Rd1 Qd6 49. Qg5 Rde8 50. Qd2 Qg3 51. Kg1 f4 52. Bf1 f3 53. Qf2 Qxf2+ 54. Kxf2 fxg2 55. Kxg2 Rd8 56. Bc4 Rb7 57. Kf3 Kg7 58. Ke4 Rb6 59. Ke5 Re8+ 60. Kd4 Rd8 61. Kc5 Rbd6 62. Bb5 g5 63. b4 Kg6 64. Rd4 Rf6 65. Bd3+ Kf7 66. d6 Rb8 67. Be4 Rf1 68. Bd5+ Ke8 69. b5 Rc1+ 70. Bc4 Kd7 71. b6 Rb1 72. Bb5+ Kd8 73. d7 Rc1+ 74. Bc4 Rxc4+ 75. Rxc4 Kxd7 76. Rd4+ Ke6 77. Kc6 Rc8+ 78. Kb5 Ke5 79. Rb4 Kd6 80. b7 Rg8 81. Ka6 Ke5 82. b8Q+ Rxb8 83. Rxb8 Kf4 84. Rh8 h4 85. Rb8 g4 86. Rb4+ Kg3 87. hxg4 h3 88. g5 h2 89. Rb1 Kf4 90. g6 1-0

[Event "Glyfada Christmas op"]
[Site "Glyfada"]
[Date "2007.12.27"]
[Round "5"]
[White "Harokopakis, Georgios"]
[Black "Georgilakis, Konstantinos"]
[Result "0-1"]
[WhiteElo "1842"]
[BlackElo "1983"]
[PlyCount "84"]
[EventDate "2007.12.21"]
[EventType "swiss"]
[EventRounds "7"]
[EventCountry "GRE"]
[SourceTitle "EXT 2024"]
[Source "ChessBase"]
[SourceDate "2023.10.10"]
[SourceVersion "1"]
[SourceVersionDate "2023.10.10"]
[SourceQuality "1"]

1. e4 c5 2. Nf3 Nc6 3. d4 cxd4 4. Nxd4 Nf6 5. Nc3 e5 6. Ndb5 d6 7. Bg5 a6 8. Na3 b5 9. Nd5 Be7 10. Nxe7 Nxe7 11. Bxf6 gxf6 12. c4 Qa5+ 13. Qd2 Qxd2+ 14. Kxd2 b4 15. Nc2 Rb8 16. Bd3 f5 17. b3 fxe4 18. Bxe4 f5 19. Bd3 h5 20. f4 Ng6 21. g3 e4 22. Bf1 Ne7 23. a3 bxa3 24. Rxa3 Nc6 25. Kc3 h4 26. Bh3 Rg8 27. Rg1 hxg3 28. Rxg3 Rh8 29. Nd4 Nxd4 30. Kxd4 Rh4 31. Bxf5 Bxf5 32. Rg8+ Kd7 33. Rxb8 Rh3 34. c5 Rd3+ 35. Kc4 Be6+ 36. Kb4 e3 37. f5 e2 38. fxe6+ Kc7 39. cxd6+ Kxb8 40. Kc4 Rd1 41. Ra1 Rxa1 42. d7 Kc7 0-1

[Event "Nikaia op 13th"]
[Site "Nikaia"]
[Date "2005.08.26"]
[Round "5"]
[White "Margaritis, Fotis"]
[Black "Georgilakis, Konstantinos"]
[Result "0-1"]
[WhiteElo "2190"]
[BlackElo "1964"]
[PlyCount "41"]
[EventDate "2005.08.23"]
[EventType "swiss"]
[EventRounds "9"]
[EventCountry "GRE"]
[SourceTitle "CBM 108 Extra"]
[Source "ChessBase"]
[SourceDate "2005.11.04"]
[SourceVersion "1"]
[SourceVersionDate "2005.11.04"]
[SourceQuality "1"]

1. e4 c5 2. Nf3 Nc6 3. Bb5 g6 4. c3 Bg7 5. d4 cxd4 6. cxd4 Qb6 7. Nc3 e6 8. 0-0 Nxd4 9. Be3 Nxf3+ 10. Qxf3 Qd8 11. Rfd1 Ne7 12. Rd6 Nc6 13. Rad1 Be5 14. Bxc6 Bxd6 15. Rxd6 bxc6 16. e5 h6 17. Ne4 Qa5 18. h4 f5 19. Nf6+ Ke7 20. Qg3 g5 21. hxg5 0-1

[Event "Heraklio op 9th"]
[Site "Heraklion"]
[Date "2005.??.??"]
[Round "2"]
[White "Georgilakis, Konstantinos"]
[Black "Tsiamis, Konstantinos"]
[Result "0-1"]
[WhiteElo "1960"]
[BlackElo "2240"]
[PlyCount "86"]
[EventDate "2005.06.??"]
[EventType "swiss"]
[EventRounds "9"]
[EventCountry "GRE"]
[SourceTitle "EXT 2007"]
[Source "ChessBase"]
[SourceDate "2006.11.23"]
[SourceVersion "1"]
[SourceVersionDate "2006.11.23"]
[SourceQuality "1"]

1. e4 e6 2. d4 d5 3. Nd2 Nf6 4. e5 Nfd7 5. Ngf3 c5 6. c3 Nc6 7. Bd3 Be7 8. 0-0 g5 9. h3 h5 10. g4 hxg4 11. hxg4 Qb6 12. Qa4 c4 13. Bb1 Qc7 14. Qc2 Nf8 15. Kg2 f6 16. exf6 Qf4 17. Rg1 Qxg4+ 18. Kf1 Qh3+ 19. Ke2 Bxf6 20. Nxg5 Bxg5 21. Rxg5 e5 22. dxe5 Bg4+ 23. Ke1 Qg2 24. Rxg4 Rh1+ 25. Ke2 Qxg4+ 26. Nf3 Nxe5 27. Qf5 Qxf3+ 28. Qxf3 Nxf3 29. Kxf3 Rxc1 30. Bg6+ Nxg6 31. Rxc1 Kd7 32. Rh1 Rh8 33. Rg1 Ne5+ 34. Ke3 Rh3+ 35. Ke2 Kc6 36. Rg5 Nd3 37. Rg6+ Kc5 38. Rg7 Nxb2 39. Rxb7 Na4 40. Rxa7 Nxc3+ 41. Kd2 Ne4+ 42. Ke2 Rh2 43. Rf7 Rxf2+ 0-1

[Event "Aegean op 27th"]
[Site "Aghios Kirykos"]
[Date "2004.07.17"]
[Round "6"]
[White "Georgilakis, Konstantinos"]
[Black "Gogolis, Alexandros"]
[Result "0-1"]
[WhiteElo "1979"]
[BlackElo "2275"]
[PlyCount "140"]
[EventDate "2004.07.13"]
[EventType "swiss"]
[EventRounds "9"]
[EventCountry "GRE"]
[SourceTitle "CBM 101 Extra"]
[Source "ChessBase"]
[SourceDate "2004.09.01"]
[SourceVersion "2"]
[SourceVersionDate "2004.09.01"]
[SourceQuality "1"]

1. e4 c5 2. Nf3 Nc6 3. d4 cxd4 4. Nxd4 e5 5. Nb5 d6 6. N1c3 a6 7. Na3 b5 8. Nd5 Nge7 9. c4 Nd4 10. Nxe7 Bxe7 11. Be3 0-0 12. Bxd4 exd4 13. Bd3 bxc4 14. Bxc4 Bb7 15. Qxd4 Bf6 16. Qd2 Bxe4 17. 0-0 d5 18. Bb3 Qb6 19. Nb1 d4 20. f3 Bg6 21. Na3 d3+ 22. Kh1 Rfe8 23. Rae1 Qd4 24. Nc4 Re2 25. Rxe2 dxe2 26. Re1 Bd3 27. Rxe2 Bxe2 28. Qxe2 Kf8 29. Qe4 Re8 30. Qxd4 Bxd4 31. h3 h5 32. f4 Re1+ 33. Kh2 h4 34. g4 Re2+ 35. Kh1 Bxb2 36. Nd6 Bc1 37. f5 f6 38. Bc4 Rd2 39. Nb7 Rc2 40. Bxa6 Rxa2 41. Bf1 Ba3 42. Nd8 Rc2 43. Ne6+ Kf7 44. Nd4 Rc1 45. Kg2 Bc5 46. Ne2 Rc2 47. Kf3 Ke7 48. Bg2 Bd6 49. Nd4 Rd2 50. Ne2 Be5 51. Ke3 Rb2 52. Be4 Kd6 53. Kf2 Kc5 54. Bf3 Kc4 55. Be4 Bg3+ 56. Kf3 Rb3+ 57. Kg2 Re3 58. Bf3 Be5 59. Nc1 Re1 60. Ne2 Kd3 61. Kf2 Kd2 62. g5 fxg5 63. Bg4 Bd6 64. Bh5 Bc5+ 65. Kg2 Rxe2+ 66. Bxe2 Kxe2 67. Kh1 Kf3 68. Kh2 Kf4 69. Kg2 Kxf5 70. Kh2 g4 0-1